000 00728nam a2200229 a 4500
005 20230830063534.0
008 140213s2006 mx r 000 0 spa d
020 _a9508085037 (10 dígitos)
020 _a9789508085030 (13 dígitos)
035 _aUPN01000195772
049 _aCG
050 4 _aLB1583.8
_bS3.3
100 1 _aSantos Guerra, Miguel Angel,
_d1942-
_929955
245 1 3 _aLa estrategia del caballo y otras fábulas para trabajar en el aula /
_cMiguel Ángel Santos Guerra.
260 _aRosario, Arg. :
_bHomo Sapiens,
_c2006.
300 _a163 p.
440 0 _aEducación
650 4 _aFABULAS -
_xESTUDIO Y ENSEÑANZA
_922875
650 4 _aFOLKLORE Y EDUCACION
_913709
905 _aLibro
999 _c167873
_d167873